Students solution manual for: (Record no. 7754)

000 -LEADER
fixed length control field 00649nam a2200193 4500
008 - FIXED-LENGTH DATA ELEMENTS--GENERAL INFORMATION
fixed length control field 151007b xxu||||| |||| 00| 0 eng d
020 ## - INTERNATIONAL STANDARD BOOK NUMBER
International Standard Book Number 9780495010623
050 ## - LIBRARY OF CONGRESS CALL NUMBER
Classification number QA 39.3 .P37 2007
100 ## - MAIN ENTRY--PERSONAL NAME
Personal name Parks, Hal.
Dates associated with a name 2007.
245 ## - TITLE STATEMENT
Title Students solution manual for:
Remainder of title A mathematical view of our world.
Statement of responsibility, etc. Hal Parks; Gary Musser; Lynn Trimpe; Vikki Maurer; Roger Maurer.
260 ## - PUBLICATION, DISTRIBUTION, ETC. (IMPRINT)
Place of publication, distribution, etc. USA;
Name of publisher, distributor, etc. Brooks/Cole CENGAGE,
Date of publication, distribution, etc. 2007.
300 ## - PHYSICAL DESCRIPTION
Extent 503 p. : ill.
650 ## - SUBJECT ADDED ENTRY--TOPICAL TERM
Topical term or geographic name as entry element Mathematics.
700 ## - ADDED ENTRY--PERSONAL NAME
Personal name Musser, Gary.
700 ## - ADDED ENTRY--PERSONAL NAME
Personal name Trimpe, Lynn.
700 ## - ADDED ENTRY--PERSONAL NAME
Personal name Maurer, Vikki.
700 ## - ADDED ENTRY--PERSONAL NAME
Personal name Maurer, Roger.
942 ## - ADDED ENTRY ELEMENTS (KOHA)
Source of classification or shelving scheme
Koha item type Hard Covered Materials
Classification part QA 39.3 .P37 2007
Holdings
Withdrawn status Lost status Source of classification or shelving scheme Damaged status Not for loan Home library Current library Date acquired Source of acquisition Total Checkouts Full call number Barcode Date last seen Price effective from Koha item type
          MACHAKOS UNIVERSITY LIBRARY MACHAKOS UNIVERSITY LIBRARY 07/10/2015 Donation(B.F.A)   QA 39.3 .P37 2007 11439 06/06/2019 07/10/2015 Hard Covered Materials
© Machakos University Library, Along The Highway, Machakos Wote Rd, Machakos, Kenya P.O. Box 136 - 90100 Machakos - Kenya

Tel: ( +254 ) 723 805829 OR Fax : 044-20353 OR Email: library@mksu.ac.ke